000 00218 a2200097 4500
001 14268
100 _aEdmunds, E.W
245 _aEnglish composition
260 _aLondon
_bUniv tutorial press
_c
090 _c11179
_d11179
942 _aNUST-CAE
_cM
_c1313
999 _c249341
_d249341